[Event "TCh-HUN 2024-25"]
[Site "Hungary HUN"]
[Date "2025.05.10"]
[Round "8.8"]
[White "Szajbely, Zsigmond"]
[Black "Szeberenyi, Adam"]
[Result "1/2-1/2"]
[WhiteTitle "FM"]
[BlackTitle "IM"]
[WhiteElo "2240"]
[BlackElo "2259"]
[WhiteTeam "Maroczy SE"]
[BlackTeam "Viadukt Biatorbagy"]
[WhiteFideId "711691"]
[BlackFideId "710466"]
[EventDate "2024.11.02"]

1. e4 c5 2. Nf3 e6 3. d3 Nc6 4. g3 g6 5. Bg2 Bg7 6. c3 Nge7 7. O-O e5 8. Re1 O-O
9. Be3 d6 10. Qd2 b6 11. Bh6 Bxh6 12. Qxh6 f6 13. Nbd2 d5 14. d4 cxd4 15. cxd4
exd4 16. exd5 Nxd5 17. Nb3 Bb7 18. Rad1 Re8 19. Rxe8+ Qxe8 20. Ng5 fxg5 21.
Bxd5+ Kh8 22. Qxg5 Qd8 23. Qxd8+ Rxd8 24. Be4 Rd7 25. Bxc6 Bxc6 26. Nxd4 Kg8 27.
Rd2 Kf7 28. f3 Bb7 29. Kf2 Kf6 30. f4 h5 31. Nf3 Rxd2+ 32. Nxd2 Kf5 33. Nf3 Ke4
34. Nh4 Bd5 35. b3 Bf7 36. Nf3 Be8 37. Ne5 Kd4 38. Ke2 Ke4 39. a4 g5 40. Nc4 Kd4
41. fxg5 Kc3 42. Nd6 Bg6 43. Nc8 Kxb3 44. Kd2 Kxa4 45. Kc3 Ka3 46. Nxa7 Be8 47.
Kd4 b5 48. Nxb5+ Bxb5 49. g6 Kb4 50. g7 Bc4 51. Ke5 Kc5 52. Kf6 Kd6 53. Kg6 Ke7
54. Kh7 Kf6 55. h3 Kf5 56. Kh6 Bf7 57. g8=Q Bxg8 58. Kxh5 Kf6 59. Kh6 Be6 60. g4
Kf7 61. Kh7 Kf6 62. Kh6 Kf7 63. g5 Bxh3 64. g6+ 1/2-1/2

[Event "TCh-HUN 2024-25"]
[Site "Hungary HUN"]
[Date "2025.05.10"]
[Round "8.9"]
[White "Toth-Goczo, Melinda"]
[Black "Puskas, Mihaly"]
[Result "0-1"]
[WhiteTitle "WIM"]
[WhiteElo "2170"]
[BlackElo "1929"]
[WhiteTeam "Viadukt Biatorbagy"]
[BlackTeam "Maroczy SE"]
[WhiteFideId "711985"]
[BlackFideId "17003202"]
[EventDate "2024.11.02"]

1. Nf3 d5 2. d4 Nf6 3. g3 Bg4 4. Ne5 Bf5 5. Bg2 Nbd7 6. c4 e6 7. Nc3 c6 8. f4
Be7 9. O-O O-O 10. Kh1 h5 11. h3 Ne8 12. e4 dxe4 13. Nxe4 Ndf6 14. Ng5 Nd6 15.
Qe2 Bh7 16. b3 Nf5 17. Kh2 h4 18. Rd1 Nxg3 19. Qe1 Bf5 20. Bb2 Nfh5 21. d5 Bxg5
22. dxc6 Bxf4 23. Rxd8 Ne2+ 24. Kh1 Nhg3+ 25. Kh2 Nf1+ 26. Kh1 Nfg3+ 27. Kh2
Raxd8 28. Nd7 Nf1+ 29. Kh1 Neg3+ 30. Kg1 Be3+ 31. Qxe3 Nxe3 32. Nxf8 Nxg2 33.
cxb7 Kxf8 34. Ba3+ Ke8 35. Bd6 Ne3 36. Bc7 Be4 37. Bxd8 Bxb7 38. Bxh4 Nef5 39.
Bg5 f6 40. Bc1 Ne2+ 41. Kf2 Nxc1 42. Rxc1 Bc6 43. b4 a6 44. Rc3 Nd6 45. Ke2 Nxc4
46. Kd3 Ne5+ 47. Kd4 Kd7 48. Kc5 Kc7 49. Ra3 Nd7+ 50. Kd4 e5+ 51. Kc4 Kb6 52.
Rg3 g5 53. Rg1 Bf3 54. a4 e4 55. Kd4 Ne5 56. Rb1 Nc6+ 57. Ke3 f5 58. b5 f4+ 59.
Kf2 Nd4 60. bxa6+ Kxa6 61. Rg1 e3+ 62. Kf1 Be2+ 63. Kg2 f3+ 0-1

[Event "TCh-HUN 2024-25"]
[Site "Hungary HUN"]
[Date "2025.05.10"]
[Round "8.10"]
[White "Puskasne Dr. Kisbodri, Cecilia"]
[Black "Szakmary, Domonkos"]
[Result "0-1"]
[WhiteElo "1476"]
[BlackElo "2174"]
[WhiteTeam "Maroczy SE"]
[BlackTeam "Viadukt Biatorbagy"]
[WhiteFideId "17019931"]
[BlackFideId "17004039"]
[EventDate "2024.11.02"]

1. d4 d5 2. g3 Nf6 3. e3 c5 4. Nf3 Bg4 5. Bb5+ Nc6 6. Bxc6+ bxc6 7. Nc3 e6 8.
O-O Ne4 9. Qe1 Bxf3 10. Nxe4 dxe4 11. Qd2 Qf6 12. Qa5 Be7 13. Qc7 O-O 14. Qxc6
Qf5 15. Qc7 Qh3 16. Qxe7 Qg2# 0-1

[Event "TCh-HUN 2024-25"]
[Site "Hungary HUN"]
[Date "2025.05.10"]
[Round "8.1"]
[White "Brkic, Ante"]
[Black "Jobava, Baadur"]
[Result "1/2-1/2"]
[WhiteTitle "GM"]
[BlackTitle "GM"]
[WhiteElo "2608"]
[BlackElo "2587"]
[WhiteTeam "Aquarena Kobanya SC"]
[BlackTeam "Kekesi SE"]
[WhiteFideId "14506688"]
[BlackFideId "13601520"]
[EventDate "2024.11.02"]

1. e4 c5 2. Nf3 e6 3. d4 cxd4 4. Nxd4 Nf6 5. Nc3 Bb4 6. e5 Nd5 7. Bd2 Bxc3 8.
bxc3 O-O 9. Bd3 d6 10. Qh5 g6 11. Qe2 dxe5 12. Qxe5 Nd7 13. Qg3 e5 14. Ne2 f5
15. f3 N5b6 16. O-O f4 17. Qf2 Qc7 18. g3 Nc4 19. Bxc4+ Qxc4 20. gxf4 b6 21.
fxe5 Nxe5 22. Qe3 Qc5 23. Qxc5 bxc5 24. Bf4 Ba6 25. Bxe5 Bxe2 26. Rf2 Bxf3 27.
Raf1 Rf5 28. Rxf3 Rxe5 29. Rf7 Re2 30. Rd7 Rb8 31. Rf2 Rxf2 32. Kxf2 Rb2 33.
Rxa7 Rxc2+ 34. Kg1 Rxc3 35. a4 Ra3 36. Rc7 1/2-1/2

[Event "TCh-HUN 2024-25"]
[Site "Hungary HUN"]
[Date "2025.05.10"]
[Round "8.2"]
[White "Horvath, Jozsef1"]
[Black "Livaic, Leon"]
[Result "1/2-1/2"]
[WhiteTitle "GM"]
[BlackTitle "GM"]
[WhiteElo "2393"]
[BlackElo "2557"]
[WhiteTeam "Kekesi SE"]
[BlackTeam "Aquarena Kobanya SC"]
[WhiteFideId "700061"]
[BlackFideId "14531534"]
[EventDate "2024.11.02"]

1. d4 d6 2. e4 Nf6 3. Nc3 e5 4. dxe5 dxe5 5. Qxd8+ Kxd8 6. Bc4 Ke8 7. f4 Bb4 8.
Bd3 Nbd7 9. Nf3 Nc5 10. O-O Bxc3 11. bxc3 Nfxe4 12. Re1 Nxd3 13. cxd3 Nd6 14.
Nxe5 Kd8 15. c4 Be6 16. Bb2 Re8 17. Kf2 f6 18. Nf3 c5 19. h3 h5 20. Bc3 Kc7 21.
g4 hxg4 22. hxg4 Bxc4 23. dxc4 Ne4+ 24. Rxe4 Rxe4 25. Nd2 Rxf4+ 26. Kg3 g5 27.
Rf1 Rxf1 28. Nxf1 Rf8 29. Ne3 Kd6 30. Kf3 Ke6 31. Ke4 Rh8 32. Nd5 Rh2 33. a4 Ra2
34. a5 Ra4 35. Ne3 b5 36. axb6 axb6 37. Kd3 Ra2 38. Ke4 Re2 39. Kf3 Rh2 40. Ke4
Rh4 41. Kf3 Rh3+ 42. Ke4 Rg3 43. Be1 Rg1 44. Bc3 Rg3 45. Be1 Rg1 46. Bc3 Rg3 1/2-1/2

[Event "TCh-HUN 2024-25"]
[Site "Hungary HUN"]
[Date "2025.05.10"]
[Round "8.3"]
[White "Nagy, Gabor1"]
[Black "Brunello, Sabino"]
[Result "1/2-1/2"]
[WhiteTitle "GM"]
[BlackTitle "GM"]
[WhiteElo "2458"]
[BlackElo "2518"]
[WhiteTeam "Aquarena Kobanya SC"]
[BlackTeam "Kekesi SE"]
[WhiteFideId "737119"]
[BlackFideId "813613"]
[EventDate "2024.11.02"]

1. d4 d5 2. c4 c6 3. Nf3 Nf6 4. e3 e6 5. Nbd2 c5 6. cxd5 Nxd5 7. e4 Nb6 8. Nb3
cxd4 9. Nbxd4 Bd7 10. Be2 Nc6 11. O-O Nxd4 12. Nxd4 Be7 13. Be3 O-O 14. Rc1 e5
15. Nf5 Bxf5 16. exf5 Nd5 17. Bd2 Qb6 18. Bc4 Rfd8 19. Qb3 Qxb3 20. Bxb3 Kf8 21.
Rfd1 b6 22. g3 Bc5 23. Bg5 Nf6 24. Bxf6 gxf6 25. Kf1 a5 26. a4 Rxd1+ 27. Rxd1
Bd4 28. Rc1 Bc5 29. Rd1 Bd4 30. Rc1 Bc5 1/2-1/2

[Event "TCh-HUN 2024-25"]
[Site "Hungary HUN"]
[Date "2025.05.10"]
[Round "8.4"]
[White "Bakos, Balazs"]
[Black "Berczes, David"]
[Result "1/2-1/2"]
[WhiteTitle "FM"]
[BlackTitle "GM"]
[WhiteElo "2380"]
[BlackElo "2413"]
[WhiteTeam "Kekesi SE"]
[BlackTeam "Aquarena Kobanya SC"]
[WhiteFideId "725773"]
[BlackFideId "722960"]
[EventDate "2024.11.02"]

1. d4 e6 2. c4 Nf6 3. Nf3 d5 4. g3 Be7 5. Bg2 O-O 6. O-O a5 7. Re1 Nbd7 8. Nc3
dxc4 9. e4 c6 10. Qe2 b5 11. d5 b4 12. dxe6 Nc5 13. Rd1 Qe8 14. e5 bxc3 15. exf6
Bxf6 16. bxc3 Bxe6 17. Ba3 Na4 18. Qc2 c5 19. Re1 Rc8 20. Ne5 Nb6 21. Rab1 Qa4
22. Qxa4 Nxa4 23. Rb5 Nxc3 24. Rxa5 Rfe8 25. Rxc5 Rxc5 26. Bxc5 Bd5 27. Bd4 Bxg2
28. Bxc3 Bd5 29. a4 h5 30. a5 Rb8 31. Rd1 Rb3 32. Rxd5 Rxc3 33. a6 Ra3 34. Nxc4
Rxa6 35. Rxh5 Rc6 36. Ne3 Bd4 37. Rd5 Bxe3 38. fxe3 Rc2 39. h4 g6 40. Kf1 Kg7
41. h5 gxh5 42. Rxh5 Kg6 43. Rd5 f5 44. Rd4 Kg5 45. Rf4 Rb2 46. Rf2 Rb1+ 47. Kg2
Re1 48. Kf3 Rg1 49. Ra2 Rf1+ 50. Kg2 Rc1 51. Ra8 Kf6 52. Ra5 Kg6 53. Kf3 Rf1+
54. Ke2 Rg1 55. Kf2 Rc1 56. Ke2 Rg1 57. Ra8 Kf6 58. Rf8+ Ke6 59. Kf2 Ra1 60. Kg2
Re1 61. Kf2 Ra1 62. g4 fxg4 63. Rf4 Ra2+ 64. Kg3 1/2-1/2

[Event "TCh-HUN 2024-25"]
[Site "Hungary HUN"]
[Date "2025.05.10"]
[Round "8.5"]
[White "Karacsonyi, Gellert"]
[Black "Istvanovszki, Martin"]
[Result "1-0"]
[WhiteTitle "IM"]
[BlackTitle "FM"]
[WhiteElo "2390"]
[BlackElo "2310"]
[WhiteTeam "Aquarena Kobanya SC"]
[BlackTeam "Kekesi SE"]
[WhiteFideId "764620"]
[BlackFideId "726958"]
[EventDate "2024.11.02"]

1. e4 d6 2. d4 g6 3. Nc3 Bg7 4. Be3 a6 5. h4 h5 6. Nh3 Nf6 7. f3 Bxh3 8. Rxh3
Nbd7 9. Qd2 b5 10. a4 b4 11. Ne2 c5 12. dxc5 dxc5 13. Nf4 O-O 14. Bc4 Ne5 15.
Qxd8 Rfxd8 16. Be2 Rdc8 17. Rh1 a5 18. Kf2 e6 19. Rhd1 Bf8 20. g3 Be7 21. Bb5 c4
22. Ne2 Ne8 23. Bxe8 Rxe8 24. Nd4 Rec8 25. Bf4 Bf6 26. Bxe5 Bxe5 27. f4 Bf6 28.
e5 Be7 29. Ke2 Kf8 30. Nb5 Rd8 31. Nd4 Bc5 32. Nf3 Ke7 33. Rd2 Rdc8 34. Rad1 Ra7
35. Ng5 c3 36. bxc3 bxc3 37. Rd3 Bb4 38. Ne4 Rb7 39. Nf6 Rbc7 40. Rd7+ Rxd7 41.
Rxd7+ Kf8 42. Kd3 Ra8 43. Ne4 Rc8 44. Ng5 Be7 45. Nh7+ Ke8 46. Ra7 Bb4 47. Nf6+
Kf8 48. Rd7 Ra8 49. Ne4 Ke8 50. Rd4 Ke7 51. Nxc3 f5 52. exf6+ Kxf6 53. Ne4+ Kf5
54. c3 Bf8 55. Rd7 Kg4 56. Ke3 Rb8 57. Rf7 Ba3 58. Rf6 Bc1+ 59. Ke2 Rb2+ 60. Kd3
Ra2 61. Rxg6+ Kf3 62. Rxe6 Rxa4 63. f5 1-0

[Event "TCh-HUN 2024-25"]
[Site "Hungary HUN"]
[Date "2025.05.10"]
[Round "8.6"]
[White "Bohati, Tamas"]
[Black "Horvath, Adam1"]
[Result "0-1"]
[BlackTitle "GM"]
[WhiteElo "2223"]
[BlackElo "2384"]
[WhiteTeam "Kekesi SE"]
[BlackTeam "Aquarena Kobanya SC"]
[WhiteFideId "714810"]
[BlackFideId "708003"]
[EventDate "2024.11.02"]

1. d4 Nf6 2. c4 b6 3. Nc3 Bb7 4. Qc2 d5 5. cxd5 Nxd5 6. e4 Nxc3 7. bxc3 e6 8.
Nf3 Be7 9. Be2 O-O 10. O-O c5 11. Rd1 cxd4 12. cxd4 Nc6 13. a3 Rc8 14. Qa2 Na5
15. Bd3 Rc3 16. Qe2 Nb3 17. Bb2 Rxd3 18. Qxd3 Nxa1 19. Rxa1 Bf6 20. Rc1 Qa8 21.
e5 Be7 22. Rc7 Bd8 23. Rc3 a6 24. Ne1 b5 25. f3 Bb6 26. Rc1 h6 27. Nc2 Rd8 28.
Rd1 Qc8 29. Ne3 Qc6 30. Rc1 Qd7 31. Rd1 Qc7 32. h3 Qe7 33. Kh2 Qg5 34. Rd2 h5
35. Nc2 Bc7 36. Bc3 Bxe5+ 37. dxe5 Rxd3 38. Rxd3 Qf4+ 39. Kg1 Qc1+ 40. Ne1 Qxa3 0-1

[Event "TCh-HUN 2024-25"]
[Site "Hungary HUN"]
[Date "2025.05.10"]
[Round "8.7"]
[White "Szabo, Bence"]
[Black "Blasko, Istvan"]
[Result "1/2-1/2"]
[WhiteTitle "IM"]
[BlackTitle "IM"]
[WhiteElo "2341"]
[BlackElo "2259"]
[WhiteTeam "Aquarena Kobanya SC"]
[BlackTeam "Kekesi SE"]
[WhiteFideId "733776"]
[BlackFideId "718181"]
[EventDate "2024.11.02"]

1. d4 Nf6 2. c4 g6 3. g3 Bg7 4. Bg2 d5 5. cxd5 Nxd5 6. Nf3 O-O 7. O-O Nb6 8. Nc3
Nc6 9. e3 Re8 10. h3 e5 11. d5 Na5 12. Qc2 c6 13. b4 Nac4 14. dxc6 bxc6 15. Rd1
Qe7 16. Nd2 Bf5 17. Nce4 Rad8 18. Nxc4 Rxd1+ 19. Qxd1 Nxc4 20. a3 Rd8 21. Qe2
Nd6 22. Nc5 Nb7 23. Ne4 Nd6 24. Nc3 Be6 25. Bd2 Bc4 26. Qe1 e4 27. Rc1 Bb3 28.
Nb1 Bd5 29. Bc3 f6 30. Bd4 Nc4 31. Qc3 f5 32. Bf1 1/2-1/2

[Event "TCh-HUN 2024-25"]
[Site "Hungary HUN"]
[Date "2025.05.10"]
[Round "8.8"]
[White "Mede, Istvan"]
[Black "Krizsany, Laszlo"]
[Result "0-1"]
[WhiteTitle "FM"]
[BlackTitle "IM"]
[WhiteElo "2141"]
[BlackElo "2316"]
[WhiteTeam "Kekesi SE"]
[BlackTeam "Aquarena Kobanya SC"]
[WhiteFideId "711535"]
[BlackFideId "701718"]
[EventDate "2024.11.02"]

1. e4 Nf6 2. e5 Nd5 3. d4 d6 4. Nf3 Nb6 5. a4 a5 6. Bb5+ c6 7. Bd3 Bg4 8. h3
Bxf3 9. Qxf3 dxe5 10. dxe5 e6 11. O-O N8d7 12. Qg3 Qc7 13. Re1 Nc5 14. Nc3 f5
15. Bf1 Nd5 16. Nxd5 cxd5 17. Bb5+ Kf7 18. Qc3 Be7 19. Be3 b6 20. Bxc5 bxc5 21.
Rad1 Rhf8 22. Qg3 Kg8 23. Re2 c4 24. c3 Qb6 25. Kh1 f4 26. Qg4 Rad8 27. Rd4 f3
28. gxf3 Bc5 29. Rf4 Rxf4 30. Qxf4 Qc7 31. Qg4 Qe7 32. f4 Rf8 33. Bc6 g6 34. Kg2
Rf5 35. Kf1 Qc7 36. Bb5 Qf7 37. Ke1 Rxf4 38. Qg5 Rxf2 39. Rxf2 Qxf2+ 40. Kd1 Be3
41. Qd8+ Kg7 42. Qf6+ Qxf6 43. exf6+ Kxf6 44. Kc2 e5 45. Bc6 Ke6 46. b3 cxb3+
47. Kxb3 Kd6 48. Be8 e4 49. Bf7 Ke5 50. Kc2 Bf4 51. Kd1 Kd6 52. Ke2 Kc5 0-1

[Event "TCh-HUN 2024-25"]
[Site "Hungary HUN"]
[Date "2025.05.10"]
[Round "8.9"]
[White "Havanecz, Bianka"]
[Black "Onodi, Miklos"]
[Result "1/2-1/2"]
[WhiteTitle "WIM"]
[WhiteElo "2196"]
[BlackElo "2080"]
[WhiteTeam "Aquarena Kobanya SC"]
[BlackTeam "Kekesi SE"]
[WhiteFideId "704814"]
[BlackFideId "795739"]
[EventDate "2024.11.02"]

1. d4 d6 2. c4 g6 3. Nc3 Bg7 4. e4 e5 5. d5 f5 6. exf5 gxf5 7. Qh5+ Kf8 8. Bg5
Nf6 9. Bd3 h6 10. Bh4 Nxh5 11. Bxd8 Na6 12. Nge2 Kf7 13. Bh4 Bf6 14. Bxf6 Nxf6
15. f4 e4 16. Bc2 Bd7 17. Nd1 Rag8 18. Ne3 Ng4 19. Nxg4 Rxg4 20. g3 h5 21. a3 h4
22. Kd2 b5 23. b4 bxc4 24. Kc3 c6 25. dxc6 Bxc6 26. Kxc4 Rc8 27. Kd4 Kf6 28.
Rhg1 Bb5 29. Bd1 Rc4+ 30. Ke3 Nc7 31. Bb3 Rc6 32. h3 Rg7 33. g4 Bxe2 34. Kxe2
Rc3 35. g5+ Ke7 36. Rac1 Rxb3 37. Rxc7+ Kf8 38. Rc8+ Ke7 39. Rc7+ Kf8 40. Rc8+
Ke7 1/2-1/2

[Event "TCh-HUN 2024-25"]
[Site "Hungary HUN"]
[Date "2025.05.10"]
[Round "8.10"]
[White "Kovacs, Veronika"]
[Black "Foldes, Marton Gabor"]
[Result "0-1"]
[WhiteElo "1836"]
[BlackElo "2167"]
[WhiteTeam "Kekesi SE"]
[BlackTeam "Aquarena Kobanya SC"]
[WhiteFideId "796344"]
[BlackFideId "794708"]
[EventDate "2024.11.02"]

1. d4 d5 2. Bf4 Nf6 3. e3 c5 4. c3 Nc6 5. Nf3 Qb6 6. Qb3 c4 7. Qxb6 axb6 8. Nbd2
b5 9. Be2 b4 10. O-O e6 11. h3 Be7 12. Ne5 Nxe5 13. dxe5 Nd7 14. e4 bxc3 15.
bxc3 Nc5 16. Bf3 Nd3 17. Bg3 Bg5 18. Nb1 Ra5 19. a4 Bd7 20. exd5 exd5 21. Na3
O-O 22. Nc2 Bd2 23. Ra3 Bc1 24. Ra2 Rxa4 25. Rxa4 Bxa4 26. Nb4 Nxb4 27. cxb4 Bd2
28. Bd1 Bxd1 29. Rxd1 c3 0-1

[Event "TCh-HUN 2024-25"]
[Site "Hungary HUN"]
[Date "2025.05.11"]
[Round "9.1"]
[White "Sjugirov, Sanan"]
[Black "Brkic, Ante"]
[Result "1/2-1/2"]
[WhiteTitle "GM"]
[BlackTitle "GM"]
[WhiteElo "2649"]
[BlackElo "2608"]
[WhiteTeam "Sentimento Ajka BSK"]
[BlackTeam "Aquarena Kobanya SC"]
[WhiteFideId "4189302"]
[BlackFideId "14506688"]
[EventDate "2024.11.02"]

1. e4 c5 2. Nf3 d6 3. Bb5+ Bd7 4. c4 Nc6 5. Nc3 e5 6. d3 Nge7 7. a3 Ng6 8. O-O
Be7 9. Bxc6 bxc6 10. b4 cxb4 11. axb4 O-O 12. b5 cxb5 13. cxb5 a6 14. bxa6 Qc8
15. Nd5 Rxa6 16. Rxa6 Qxa6 17. d4 Bd8 18. dxe5 Nxe5 19. Nxe5 dxe5 20. Ne7+ Bxe7
21. Qxd7 Qd6 22. Qxd6 Bxd6 23. Be3 Rc8 24. Rd1 Rc6 25. g4 g6 26. Kg2 f6 27. Rb1
Kf7 28. Rb7+ Rc7 29. Rxc7+ Bxc7 30. h3 h5 31. gxh5 1/2-1/2

[Event "TCh-HUN 2024-25"]
[Site "Hungary HUN"]
[Date "2025.05.11"]
[Round "9.2"]
[White "Livaic, Leon"]
[Black "Banusz, Tamas"]
[Result "1/2-1/2"]
[WhiteTitle "GM"]
[BlackTitle "GM"]
[WhiteElo "2557"]
[BlackElo "2576"]
[WhiteTeam "Aquarena Kobanya SC"]
[BlackTeam "Sentimento Ajka BSK"]
[WhiteFideId "14531534"]
[BlackFideId "722413"]
[EventDate "2024.11.02"]

1. d4 Nf6 2. c4 e6 3. Nc3 Bb4 4. e3 O-O 5. Bd3 c5 6. Ne2 cxd4 7. exd4 d5 8. cxd5
Nxd5 9. O-O Nc6 10. Bc2 Bd6 11. Qd3 Qh4 12. g3 Qh5 13. Nxd5 exd5 14. Bf4 Be7 15.
Bd2 Bd6 16. Bf4 Be7 17. Bd2 Bd6 18. Bf4 Be7 1/2-1/2

[Event "TCh-HUN 2024-25"]
[Site "Hungary HUN"]
[Date "2025.05.11"]
[Round "9.3"]
[White "Prohaszka, Peter2"]
[Black "Nagy, Gabor1"]
[Result "1/2-1/2"]
[WhiteTitle "GM"]
[BlackTitle "GM"]
[WhiteElo "2545"]
[BlackElo "2458"]
[WhiteTeam "Sentimento Ajka BSK"]
[BlackTeam "Aquarena Kobanya SC"]
[WhiteFideId "726265"]
[BlackFideId "737119"]
[EventDate "2024.11.02"]

1. d4 Nf6 2. Nf3 b6 3. Bf4 Bb7 4. h3 g6 5. e3 Bg7 6. a4 d6 7. Bc4 O-O 8. O-O
Nbd7 9. c3 a6 10. Nbd2 Qe8 11. Bh2 e5 12. b4 Qe7 13. Qb3 h6 14. Rfd1 Rfd8 15.
Bf1 Ne4 16. Nxe4 Bxe4 17. a5 b5 18. Rac1 c5 19. dxc5 dxc5 20. c4 cxb4 21. cxb5
axb5 22. Bxb5 Rxa5 23. Bxd7 Bxf3 24. gxf3 Rxd7 25. Rxd7 Qxd7 26. Qxb4 Ra8 27.
Kg2 h5 28. Qe4 Ra4 29. Qc6 Qxc6 30. Rxc6 Ra8 1/2-1/2

[Event "TCh-HUN 2024-25"]
[Site "Hungary HUN"]
[Date "2025.05.11"]
[Round "9.4"]
[White "Berczes, David"]
[Black "Pechac, Jergus"]
[Result "1/2-1/2"]
[WhiteTitle "GM"]
[BlackTitle "GM"]
[WhiteElo "2413"]
[BlackElo "2598"]
[WhiteTeam "Aquarena Kobanya SC"]
[BlackTeam "Sentimento Ajka BSK"]
[WhiteFideId "722960"]
[BlackFideId "14926970"]
[EventDate "2024.11.02"]

1. Nf3 d5 2. g3 g6 3. Bg2 Bg7 4. d4 Nf6 5. O-O O-O 6. c4 c6 7. Nc3 dxc4 8. e4 b5
9. Qe2 a5 10. Rd1 a4 11. a3 Bg4 12. h3 Bxf3 13. Bxf3 e5 14. d5 Qd7 15. g4 Na6
16. g5 Nh5 17. Bg4 Qd6 18. dxc6 Qxc6 19. Bd7 Qb7 20. Bxb5 Nf4 21. Qg4 Nc5 22.
Bxc4 Nb3 23. Rb1 Rac8 24. Bxb3 axb3 25. Be3 Rc4 26. Bxf4 exf4 27. Qe2 Rfc8 28.
Nd5 Rc2 29. Qf3 Rxb2 30. e5 Rxb1 31. Rxb1 Rb8 32. Nf6+ Bxf6 33. Qxb7 Rxb7 34.
gxf6 b2 35. a4 g5 36. a5 h6 37. a6 Rb5 38. a7 Ra5 39. Rxb2 Rxa7 40. Rb6 Kh7 41.
e6 fxe6 42. Rxe6 Rf7 43. h4 gxh4 44. Kg2 Kg6 45. Kf3 Kf5 46. Re4 Rxf6 47. Rxf4+
Kg5 48. Rxf6 Kxf6 49. Kg4 Ke5 50. Kxh4 Kf4 51. Kh5 Kf3 52. Kxh6 Kxf2 1/2-1/2

[Event "TCh-HUN 2024-25"]
[Site "Hungary HUN"]
[Date "2025.05.11"]
[Round "9.5"]
[White "Balog, Imre"]
[Black "Karacsonyi, Gellert"]
[Result "1-0"]
[WhiteTitle "GM"]
[BlackTitle "IM"]
[WhiteElo "2618"]
[BlackElo "2390"]
[WhiteTeam "Sentimento Ajka BSK"]
[BlackTeam "Aquarena Kobanya SC"]
[WhiteFideId "728446"]
[BlackFideId "764620"]
[EventDate "2024.11.02"]

1. d4 d5 2. Nf3 c5 3. dxc5 e6 4. e4 Bxc5 5. exd5 exd5 6. Bb5+ Nc6 7. O-O Ne7 8.
Nbd2 O-O 9. Nb3 Bb6 10. c3 Bg4 11. h3 Bh5 12. Bf4 a6 13. Be2 Re8 14. Re1 Qd7 15.
Qd2 Rad8 16. Rad1 Qc8 17. Bg5 h6 18. Bh4 Rd7 19. Ne5 Nxe5 20. Bxh5 Nf5 21. Qf4
Nxh4 22. Rxe5 Rxe5 23. Qxe5 Qd8 24. g3 Ng6 25. Bxg6 fxg6 26. c4 d4 27. Qe6+ Kh7
28. c5 Bc7 29. Qe4 d3 30. Kg2 Rd5 31. h4 Qd7 32. Rd2 Bd8 33. Nc1 Rxc5 34. Nxd3
Rf5 35. h5 gxh5 36. Nf4 Qxd2 37. Qxf5+ Kg8 38. Qc8 Kh7 39. Qxb7 Bf6 40. Qxa6
Qxb2 41. Qd3+ Kh8 42. a4 Qb4 43. Ng6+ Kg8 44. Qd5+ Kh7 45. Qf5 Qg4 46. Qxg4 hxg4
47. Nf4 Bd8 48. Nd3 Kg8 49. Ne5 Kf8 50. Nxg4 Ke7 51. Kf3 Kd6 52. Ke4 h5 53. Ne5
Kc5 54. f4 h4 55. g4 h3 56. Kf3 Bh4 57. Ng6 h2 58. Kg2 Bg3 59. f5 Kb4 60. Ne7
Kxa4 61. g5 Be5 62. Nc6 Bc3 63. Kxh2 Kb5 64. Nd8 Kc5 65. Kg3 Kd6 66. Nf7+ Ke7
67. Nh8 Kf8 68. Kg4 Kg8 69. Ng6 Kf7 70. Nf4 Bb2 71. Kf3 Ba3 72. Ke4 Bb2 73. Nd3
Bc3 74. Nf4 Bb2 75. Kf3 Ba3 76. Ke3 Be7 77. g6+ Kf6 78. Ke4 Kg5 79. Ne6+ Kf6 80.
Nc7 Kg5 81. Ne8 Bf8 82. Ke5 Ba3 83. Ke6 Bb2 84. Nd6 Bd4 85. Kf7 Kg4 86. Nb5 Be5
87. Ke6 Bb2 88. Na7 Kg5 89. Nc6 Kf4 90. Nb8 Kg5 91. Nd7 Ba3 92. Nf6 Bb2 93. Nh7+
Kg4 94. f6 Kh5 95. f7 1-0

[Event "TCh-HUN 2024-25"]
[Site "Hungary HUN"]
[Date "2025.05.11"]
[Round "9.6"]
[White "Horvath, Adam1"]
[Black "Neugebauer, Martin"]
[Result "1/2-1/2"]
[WhiteTitle "GM"]
[BlackTitle "IM"]
[WhiteElo "2384"]
[BlackElo "2525"]
[WhiteTeam "Aquarena Kobanya SC"]
[BlackTeam "Sentimento Ajka BSK"]
[WhiteFideId "708003"]
[BlackFideId "14923432"]
[EventDate "2024.11.02"]

1. e4 c5 2. Nf3 d6 3. Bb5+ Nd7 4. O-O a6 5. Be2 Ngf6 6. d3 e6 7. a4 b6 8. Nfd2
Ne5 9. f4 Nc6 10. c3 Bb7 11. Bf3 Qc7 12. Na3 Be7 13. Qe2 d5 14. g4 O-O-O 15. g5
Ne8 16. exd5 exd5 17. Nc2 Kb8 18. Ne3 Qxf4 19. Bxd5 Qxg5+ 20. Bg2 Qg6 21. Ndc4
Ka7 22. Nf5 Nd6 23. Nxe7 Nxe7 24. a5 Nxc4 25. dxc4 Nf5 26. axb6+ Kxb6 27. b4
Bxg2 28. bxc5+ Ka7 29. Qxg2 Qxg2+ 30. Kxg2 g6 31. Bf4 Rc8 32. Rfd1 Rhd8 33. Rxd8
Rxd8 34. c6 Rc8 35. c7 g5 36. Bxg5 Rxc7 37. Ra5 Nd6 38. Bf4 Rc6 39. Rh5 Nxc4 40.
Rxh7 Rf6 41. Bc1 Kb6 42. h4 a5 1/2-1/2

[Event "TCh-HUN 2024-25"]
[Site "Hungary HUN"]
[Date "2025.05.11"]
[Round "9.7"]
[White "Korpa, Bence"]
[Black "Szabo, Bence"]
[Result "1-0"]
[WhiteTitle "GM"]
[BlackTitle "IM"]
[WhiteElo "2544"]
[BlackElo "2341"]
[WhiteTeam "Sentimento Ajka BSK"]
[BlackTeam "Aquarena Kobanya SC"]
[WhiteFideId "706671"]
[BlackFideId "733776"]
[EventDate "2024.11.02"]

1. Nf3 Nf6 2. g3 d5 3. Bg2 Nbd7 4. d4 Nb6 5. b3 Bf5 6. a4 a5 7. Ba3 h6 8. O-O e6
9. Bxf8 Kxf8 10. c4 Qe7 11. Nc3 Ne4 12. Qc1 Nxc3 13. Qxc3 Be4 14. c5 Bxf3 15.
cxb6 Bxe2 16. bxc7 Rc8 17. Rfe1 Ba6 18. Rac1 Qb4 19. Qe3 Qd6 20. f4 g6 21. Qe5
Qxe5 22. fxe5 Ke7 23. Re3 Kd7 24. Rf3 Rhf8 25. Bh3 Be2 26. Rfc3 f5 27. exf6 Rxf6
28. Re1 Ba6 29. Re5 Kd6 30. Rce3 Kxc7 31. Rc3+ Kb8 32. Rxc8+ Kxc8 33. Rxe6 Rxe6
34. Bxe6+ Kc7 35. Bxd5 b6 36. Kf2 Kd6 37. Bf7 Bd3 38. Ke3 Bc2 39. Kf4 Bb1 40. h4
Bc2 41. g4 Ke7 42. Bc4 Kd6 43. g5 hxg5+ 44. Kxg5 Ke7 45. Bd5 Kd6 46. Bf7 Ke7 47.
Bc4 Bb1 48. Kf4 Kf6 49. d5 Bc2 50. d6 Bf5 51. Bd5 Bc2 52. Ke3 Bf5 53. Kd4 Be6
54. Bxe6 Kxe6 55. d7 Kxd7 56. Ke4 1-0